[Event "OLOMOUC 2006 - FIDE (CZE)"]
[Site "?"]
[Date "2006.08.07"]
[Round "8.4"]
[White "Fiala, Jiri"]
[Black "Bertram, Karsten"]
[Result "0-1"]
[WhiteElo "2102"]
[BlackElo "2107"]
[PlyCount "70"]
[EventDate "2006.08.02"]

1. d4 d5 2. Nf3 e6 3. Bf4 f5 4. e3 Nf6 5. Nbd2 Be7 6. Ne5 O-O 7. Bd3 Nbd7 8.
O-O Ne4 9. Nxd7 Bxd7 10. Nf3 g5 11. Be5 Be8 12. Nd2 Nf6 13. f4 Nd7 14. Be2 Nxe5
15. fxe5 Bg6 16. Bh5 Kg7 17. Bf3 g4 18. Be2 Bg5 19. Kf2 f4 20. exf4 Rxf4+ 21.
Kg1 Rxd4 22. Bd3 Bxd3 23. cxd3 Be3+ 24. Kh1 Qg5 25. Nb3 Rf4 26. Rxf4 Qxf4 27.
d4 b6 28. Qd3 Rf8 29. Re1 c5 30. dxc5 bxc5 31. Qe2 c4 32. Na1 g3 33. Nc2 Bf2
34. Rd1 Rf5 35. Qf1 Qxe5 0-1

[Event "OLOMOUC 2006 - FIDE (CZE)"]
[Site "?"]
[Date "2006.08.08"]
[Round "9.1"]
[White "Parligras, Cosmin"]
[Black "Houska, Jiri"]
[Result "1/2-1/2"]
[WhiteElo "2232"]
[BlackElo "2140"]
[PlyCount "104"]
[EventDate "2006.08.02"]

1. Nf3 c5 2. b3 d6 3. Bb2 e5 4. d3 Nc6 5. c4 f5 6. e3 Nf6 7. Nc3 g6 8. d4 e4 9.
d5 Nb4 10. Ng5 Bg7 11. h4 O-O 12. a3 Na6 13. Ne2 Nc7 14. Nf4 Ng4 15. Qd2 Bxb2
16. Qxb2 Ne5 17. Rd1 Qf6 18. Qd2 Rd8 19. Be2 h6 20. Nge6 Nxe6 21. dxe6 Bxe6 22.
Nxe6 Qxe6 23. Qd5 Qxd5 24. Rxd5 Kf7 25. f4 exf3 26. gxf3 h5 27. Kf2 a5 28. a4
Rd7 29. f4 Ng4+ 30. Bxg4 hxg4 31. h5 b6 32. e4 fxe4 33. hxg6+ Kxg6 34. Rg5+ Kf7
35. Rh7+ Ke6 36. Rh6+ Kf7 37. Ke3 Re7 38. Rxg4 b5 39. f5 bxa4 40. f6 Re5 41.
bxa4 Rb8 42. Kf4 Rf8 43. Rg7+ Ke8 44. Ke3 Re6 45. Ra7 Rexf6 46. Rxf6 Rxf6 47.
Kxe4 Rf1 48. Kd5 Rd1+ 49. Kc6 Rd4 50. Rxa5 Rxc4 51. Kxd6 Rc1 52. Rxc5 Rxc5
1/2-1/2

[Event "OLOMOUC 2006 - FIDE (CZE)"]
[Site "?"]
[Date "2006.08.08"]
[Round "9.2"]
[White "Bertram, Karsten"]
[Black "Musil, Vitezslav"]
[Result "1-0"]
[WhiteElo "2107"]
[BlackElo "2129"]
[PlyCount "95"]
[EventDate "2006.08.02"]

1. e4 e5 2. Bc4 Nc6 3. d3 Nf6 4. Nc3 Be7 5. f4 d6 6. Nf3 Bg4 7. Rf1 Na5 8. f5
Nxc4 9. dxc4 c6 10. Qd3 Bxf3 11. Rxf3 Qc7 12. Bg5 Nh5 13. Be3 h6 14. O-O-O
O-O-O 15. Qd2 Nf6 16. Kb1 Kb8 17. Bg1 b6 18. Rd3 g6 19. Rf1 Nh5 20. Rdf3 Rd7
21. Be3 Nf4 22. g3 Nh3 23. Bxh6 g5 24. Bg7 Rg8 25. f6 Bf8 26. Bxf8 Rxf8 27. Rf5
Rg8 28. Nd1 Rg6 29. Qe2 Rd8 30. Qg4 Rh8 31. Ne3 Nf4 32. Rxg5 Rxg5 33. Qxg5 Ne6
34. Qg4 Rxh2 35. Qg8+ Kb7 36. Nf5 Nd4 37. Qxf7 Nxf5 38. Qxc7+ Kxc7 39. exf5 Kd7
40. Rg1 Rf2 41. g4 Ke8 42. b3 Kf7 43. g5 Rxf5 44. g6+ Kf8 45. g7+ Kg8 46. Rg6
d5 47. Rh6 Rg5 48. Rh8+ 1-0

[Event "OLOMOUC 2006 - FIDE (CZE)"]
[Site "?"]
[Date "2006.08.08"]
[Round "9.3"]
[White "Zapletal, Jiri"]
[Black "Fiala, Jiri"]
[Result "1/2-1/2"]
[WhiteElo "2138"]
[BlackElo "2102"]
[PlyCount "72"]
[EventDate "2006.08.02"]

1. Nf3 Nf6 2. c4 b6 3. b3 Bb7 4. Bb2 e6 5. g3 Be7 6. Bg2 O-O 7. O-O d6 8. d4
Nbd7 9. Re1 Qc8 10. Nbd2 Ne4 11. Rc1 a5 12. a3 Nxd2 13. Qxd2 Nf6 14. d5 e5 15.
e4 Nh5 16. Rc2 Qg4 17. Qd3 Bc8 18. Nd2 f5 19. f3 Qg6 20. exf5 Bxf5 21. Ne4 Nf6
22. Bc1 Nxe4 23. fxe4 Bg4 24. Be3 Bf3 25. Rf2 Bxg2 26. Kxg2 Rxf2+ 27. Bxf2 h5
28. Re3 Rf8 29. Rf3 Rxf3 30. Qxf3 Bg5 31. Kf1 Bc1 32. b4 axb4 33. axb4 Bd2 34.
c5 Bxb4 35. cxb6 cxb6 36. Bxb6 Qe8 1/2-1/2

[Event "OLOMOUC 2006 - FIDE (CZE)"]
[Site "?"]
[Date "2006.08.08"]
[Round "9.4"]
[White "Prikryl, Tomas"]
[Black "Salmoiraghi, Angelo"]
[Result "1-0"]
[WhiteElo "2072"]
[BlackElo "2015"]
[PlyCount "55"]
[EventDate "2006.08.02"]

1. d3 d5 2. f4 Nf6 3. Nf3 c5 4. c3 Nc6 5. Qc2 Qc7 6. e4 e5 7. Na3 a6 8. g3 Bd6
9. exd5 Nxd5 10. fxe5 Nxe5 11. Nxe5 Bxe5 12. Bg2 Be6 13. O-O O-O 14. Nc4 Bf6
15. Ne3 Rad8 16. Nf5 Rfe8 17. Qd1 Qd7 18. Be4 Nxc3 19. bxc3 Bxc3 20. Rb1 Bxa2
21. Rxb7 Bd4+ 22. Kg2 Qe6 23. Nxd4 Rxd4 24. Rfxf7 Qxe4+ 25. dxe4 Rxd1 26. Rxg7+
Kf8 27. Bh6 Rd6 28. Rg6# 1-0

[Event "OLOMOUC 2006 - FIDE (CZE)"]
[Site "?"]
[Date "2006.08.08"]
[Round "9.5"]
[White "Lasinskas, Povilas"]
[Black "Hagesaether, Torill"]
[Result "1-0"]
[WhiteElo "2124"]
[BlackElo "2013"]
[PlyCount "95"]
[EventDate "2006.08.02"]

1. d4 d5 2. Bg5 h6 3. Bh4 c6 4. e3 Qb6 5. Qc1 e5 6. c3 e4 7. f3 f5 8. fxe4 fxe4
9. Be2 g6 10. Nh3 Bxh3 11. gxh3 Be7 12. Bg3 Nd7 13. O-O Ngf6 14. c4 O-O 15. c5
Qd8 16. Nc3 Nh7 17. Qd2 b6 18. b4 a5 19. b5 Rc8 20. bxc6 Rxc6 21. Bb5 Rc8 22.
c6 Bb4 23. a3 Bxc3 24. Qxc3 Qg5 25. Ba6 Ndf6 26. Bxc8 Rxc8 27. Kh1 Nh5 28. Bf4
Qh4 29. Kg2 Ng5 30. Bxg5 Qxg5+ 31. Kh1 Qh4 32. Qb3 Ng3+ 33. Kg2 Nxf1 34. Qxd5+
Kh8 35. Rxf1 Qg5+ 36. Qxg5 hxg5 37. d5 Kg7 38. Rd1 Kf6 39. d6 Ke6 40. d7 Rd8
41. c7 Rxd7 42. Rc1 Rd2+ 43. Kg1 Rd3 44. c8=Q+ Ke7 45. Rc7+ Kf6 46. Qf8+ Ke6
47. Rc6+ Ke5 48. Qe7+ 1-0

[Event "OLOMOUC 2006 - GM (CZE)"]
[Site "?"]
[Date "2006.08.02"]
[Round "1.3"]
[White "Kryvoruchko, Yuriy"]
[Black "Arutinian, David"]
[Result "1/2-1/2"]
[WhiteElo "2536"]
[BlackElo "2552"]
[PlyCount "119"]
[EventDate "2006.08.02"]

1. e4 c6 2. d4 d5 3. exd5 cxd5 4. c4 Nf6 5. Nc3 e6 6. Nf3 Bb4 7. cxd5 Nxd5 8.
Bd2 Nc6 9. Bd3 O-O 10. O-O Be7 11. Re1 Bf6 12. Nxd5 exd5 13. Ne5 g6 14. Bc3 Bg7
15. Qf3 Be6 16. Rad1 Qb6 17. Bb1 Rad8 18. Qf4 Rfe8 19. h4 f6 20. Ng4 Bxg4 21.
Rxe8+ Rxe8 22. Qxg4 f5 23. Qf3 Qd8 24. g3 h5 25. a3 Qd6 26. Kg2 Bf6 27. Rd3 Kg7
28. Re3 Re6 29. Rxe6 Qxe6 30. Qf4 Qe7 31. Kf1 Qd7 32. Ba2 b6 33. Qe3 Kf7 34.
Ke2 Na5 35. Qd3 Qe6+ 36. Kd1 Nc6 37. Bb3 Kg7 38. Qe3 Qe4 39. Qxe4 dxe4 40. d5
Bxc3 41. bxc3 Nd8 42. d6 Kf6 43. Ke2 Ke5 44. d7 Kd6 45. Bg8 Kxd7 46. Bh7 Ne6
47. Bxg6 Ng7 48. Ke3 Ke6 49. Bh7 Ke5 50. Bg8 Ne8 51. Bc4 Nf6 52. Bf7 Ng4+ 53.
Ke2 Nf6 54. f4+ exf3+ 55. Kxf3 Ne4 56. Bxh5 Nxc3 57. Be8 b5 58. Bd7 a5 59. h5
Kf6 60. h6 1/2-1/2

[Event "OLOMOUC 2006 - GM (CZE)"]
[Site "?"]
[Date "2006.08.02"]
[Round "1.5"]
[White "Cernousek, Lukas"]
[Black "Womacka, Mathias"]
[Result "0-1"]
[WhiteElo "2418"]
[BlackElo "2423"]
[PlyCount "52"]
[EventDate "2006.08.02"]

1. d4 Nf6 2. c4 e6 3. Nf3 c5 4. d5 exd5 5. cxd5 d6 6. e4 g6 7. Bd3 Bg7 8. h3
O-O 9. O-O Nh5 10. Nc3 a6 11. Bg5 Bf6 12. Bxf6 Qxf6 13. e5 dxe5 14. Ne4 Qg7 15.
Nxc5 Nd7 16. Rc1 Nf4 17. Re1 Nxc5 18. Rxc5 b6 19. Rc1 Bb7 20. Bc4 Qf6 21. Rxe5
Rac8 22. Rc3 b5 23. Bb3 Rxc3 24. bxc3 Rc8 25. Qe1 Kg7 26. Nd4 Nd3 0-1

[Event "OLOMOUC 2006 - GM (CZE)"]
[Site "?"]
[Date "2006.08.02"]
[Round "1.6"]
[White "Jirka, Jiri"]
[Black "Plischki, Sebastian"]
[Result "1-0"]
[WhiteElo "2372"]
[BlackElo "2387"]
[PlyCount "109"]
[EventDate "2006.08.02"]

1. d4 Nf6 2. c4 g6 3. g3 c5 4. d5 b5 5. cxb5 a6 6. bxa6 d6 7. Nc3 Bg7 8. Bg2
Bxa6 9. Nf3 Nbd7 10. Rb1 O-O 11. O-O Ne8 12. Qc2 Nc7 13. a4 Bxc3 14. bxc3 Bc4
15. Rd1 Bxd5 16. e4 Bc6 17. Ra1 Ra5 18. Bg5 Ne6 19. Bh6 Re8 20. Bh3 Ndf8 21.
Ne5 Qa8 22. Nxc6 Qxc6 23. Bg2 Qc7 24. Rdb1 c4 25. Rb4 Nd7 26. Be3 Rc8 27. Bf1
Nec5 28. Rxc4 Qc6 29. Rb4 Na6 30. Rb5 Qc7 31. Bb6 Nxb6 32. Rxa5 Nc5 33. Rb5
Nbd7 34. a5 Ra8 35. Be2 Qc6 36. Rb4 Kg7 37. f3 Qc7 38. a6 h5 39. Kg2 h4 40. Qd2
Ne5 41. Qd5 Ra7 42. Rb2 Qd7 43. Bb5 h3+ 44. Kf2 Qc8 45. Be2 f5 46. exf5 Qxf5
47. Qd4 Kf7 48. Rd2 e6 49. Ra3 g5 50. g4 Qf6 51. Qb4 Ke7 52. Qb8 Nxg4+ 53. Ke1
Rd7 54. a7 Nxh2 55. a8=Q 1-0

[Event "OLOMOUC 2006 - GM (CZE)"]
[Site "?"]
[Date "2006.08.03"]
[Round "2.1"]
[White "Shanava, Konstantine"]
[Black "Plischki, Sebastian"]
[Result "0-1"]
[WhiteElo "2490"]
[BlackElo "2387"]
[PlyCount "46"]
[EventDate "2006.08.02"]

1. e4 c5 2. Nf3 d6 3. d4 cxd4 4. Nxd4 Nf6 5. Nc3 Nc6 6. Bc4 e6 7. Be3 a6 8. Bb3
Qc7 9. f4 Na5 10. Qf3 b5 11. g4 Nxb3 12. axb3 b4 13. Na2 Bb7 14. Qe2 Bxe4 15.
Rg1 Qb7 16. O-O-O Be7 17. Kb1 O-O 18. Rg3 Rfc8 19. g5 Nd7 20. Rd2 a5 21. Nc1 a4
22. bxa4 Rxa4 23. Qb5 Rca8 0-1

[Event "OLOMOUC 2006 - GM (CZE)"]
[Site "?"]
[Date "2006.08.03"]
[Round "2.2"]
[White "Womacka, Mathias"]
[Black "Jirka, Jiri"]
[Result "1-0"]
[WhiteElo "2423"]
[BlackElo "2372"]
[PlyCount "119"]
[EventDate "2006.08.02"]

1. e4 e5 2. Nf3 Nc6 3. Bb5 Nd4 4. Nxd4 exd4 5. O-O Bc5 6. d3 c6 7. Ba4 a5 8. c3
d6 9. Nd2 b5 10. Bc2 a4 11. h3 Ne7 12. Nf3 dxc3 13. bxc3 O-O 14. d4 Bb6 15. Nh4
Be6 16. Re1 Qd7 17. Qd3 Bc4 18. Qd2 Rae8 19. Ba3 f6 20. f4 g6 21. f5 gxf5 22.
Qh6 Rf7 23. Re3 c5 24. dxc5 dxc5 25. Rg3+ Kh8 26. exf5 Qd6 27. Rg4 Be2 28. Re4
Bd3 29. Bxd3 c4+ 30. Kh1 Qxa3 31. Bf1 Rg8 32. Rae1 Qc5 33. Be2 Nxf5 34. Nxf5
Qxf5 35. Bg4 Qg5 36. Qxg5 Rxg5 37. Re8+ Kg7 38. Be6 Rc7 39. Rf1 Ba5 40. h4 Rg4
41. h5 Rg5 42. Rg8+ Kh6 43. Rxf6+ Kxh5 44. g4+ Kh4 45. Rh6+ Kg3 46. Rxg5 Bxc3
47. Rxb5 Bd2 48. Rh2 c3 49. Rg2+ Kf3 50. Rf5+ Ke3 51. Re5+ Kf4 52. Rf5+ Ke3 53.
Rg3+ Kd4 54. Rd5+ Ke4 55. Rd8 Kf4 56. Rg1 Be3 57. Rf1+ Ke5 58. Bf5 c2 59. Re8+
Kd4 60. Re4+ 1-0

[Event "OLOMOUC 2006 - GM (CZE)"]
[Site "?"]
[Date "2006.08.03"]
[Round "2.3"]
[White "Biolek, Richard"]
[Black "Cernousek, Lukas"]
[Result "1/2-1/2"]
[WhiteElo "2440"]
[BlackElo "2418"]
[PlyCount "85"]
[EventDate "2006.08.02"]

1. e4 e6 2. d4 d5 3. exd5 exd5 4. Nf3 Bd6 5. c4 dxc4 6. Bxc4 Nf6 7. O-O O-O 8.
h3 Bf5 9. Nc3 h6 10. Be3 Nbd7 11. Bb3 Re8 12. Qc1 Nb6 13. Bf4 Bd3 14. Rd1 Bc4
15. Be5 Bxb3 16. axb3 Nfd5 17. Qc2 f6 18. Bxd6 Qxd6 19. Ne4 Qc6 20. Qxc6 bxc6
21. Nc5 Re2 22. Rd2 Rxd2 23. Nxd2 Nb4 24. Nf3 N6d5 25. g3 Kf7 26. Ra4 g5 27.
Kf1 Re8 28. Ne1 Ra8 29. Ke2 h5 30. Kd2 Ke7 31. Nf3 g4 32. Ng1 f5 33. h4 f4 34.
gxf4 a5 35. Ne2 Rf8 36. Nd3 Nxd3 37. Kxd3 Nxf4+ 38. Nxf4 Rxf4 39. Rxa5 Rxf2 40.
Rxh5 Rxb2 41. Rg5 g3 42. Kc3 Rh2 43. Rxg3 1/2-1/2

[Event "OLOMOUC 2006 - GM (CZE)"]
[Site "?"]
[Date "2006.08.03"]
[Round "2.4"]
[White "Arutinian, David"]
[Black "Simacek, Pavel"]
[Result "1-0"]
[WhiteElo "2552"]
[BlackElo "2500"]
[PlyCount "78"]
[EventDate "2006.08.02"]

1. d4 Nf6 2. c4 c5 3. d5 e6 4. Nc3 exd5 5. cxd5 d6 6. Nf3 g6 7. Qa4+ Nbd7 8.
Bf4 a6 9. e4 Rb8 10. Bd3 b5 11. Qc2 Nh5 12. Bg5 Be7 13. Be3 O-O 14. O-O Nb6 15.
a4 b4 16. Nd1 f5 17. Bh6 Ng7 18. exf5 Bxf5 19. Ne3 Bxd3 20. Qxd3 a5 21. b3 Bf6
22. Ra2 Rf7 23. Re2 c4 24. Nxc4 Nxc4 25. Qxc4 Rc7 26. Qe4 Rc3 27. Bxg7 Bxg7 28.
Qe6+ Kh8 29. Rfe1 Qf6 30. Qd7 Rxb3 31. Re6 Qf4 32. Re7 Rg8 33. Rf7 Qh6 34. h4
Rxf3 35. Rxf3 Qd2 36. Re8 Qd1+ 37. Kh2 Be5+ 38. Rxe5 dxe5 39. Rf7 Qh5 1-0

[Event "OLOMOUC 2006 - GM (CZE)"]
[Site "?"]
[Date "2006.08.03"]
[Round "2.5"]
[White "Maslak, Konstantin"]
[Black "Kryvoruchko, Yuriy"]
[Result "0-1"]
[WhiteElo "2537"]
[BlackElo "2536"]
[PlyCount "68"]
[EventDate "2006.08.02"]

1. e4 c5 2. Nf3 Nc6 3. d4 cxd4 4. Nxd4 Nf6 5. Nc3 e5 6. Ndb5 d6 7. Bg5 a6 8.
Na3 b5 9. Bxf6 gxf6 10. Nd5 f5 11. c3 Bg7 12. exf5 Bxf5 13. Nc2 O-O 14. Nce3
Be6 15. Bd3 f5 16. Bc2 Bh6 17. Qh5 Bxe3 18. Nxe3 Qe8 19. Qh3 Qf7 20. Qg3+ Kh8
21. f4 d5 22. Nd1 Rg8 23. Qf2 Qg7 24. Ne3 exf4 25. Qxf4 d4 26. cxd4 Nxd4 27.
Bd3 Rae8 28. Kf2 Bc4 29. Bxc4 bxc4 30. g3 Re4 31. Qd6 f4 32. gxf4 Rxe3 33. Rag1
Re2+ 34. Kf1 Rg2 0-1

[Event "OLOMOUC 2006 - GM (CZE)"]
[Site "?"]
[Date "2006.08.03"]
[Round "2.6"]
[White "Kraemer, Martin"]
[Black "Matamoros Franco, Carlos S"]
[Result "1/2-1/2"]
[WhiteElo "2434"]
[BlackElo "2544"]
[PlyCount "22"]
[EventDate "2006.08.02"]

1. e4 e5 2. Nf3 Nc6 3. Bb5 Nf6 4. O-O Nxe4 5. Qe2 Nf6 6. Bxc6 dxc6 7. Nxe5 Be7
8. Re1 Be6 9. d3 Nd7 10. Bf4 Nxe5 11. Bxe5 O-O 1/2-1/2

[Event "OLOMOUC 2006 - GM (CZE)"]
[Site "?"]
[Date "2006.08.04"]
[Round "3.1"]
[White "Matamoros Franco, Carlos S"]
[Black "Shanava, Konstantine"]
[Result "0-1"]
[WhiteElo "2544"]
[BlackElo "2490"]
[PlyCount "76"]
[EventDate "2006.08.02"]

1. c4 e5 2. g3 Nc6 3. Bg2 g6 4. Nc3 Bg7 5. e4 d6 6. Nge2 Bg4 7. f3 Be6 8. Nd5
Qd7 9. O-O O-O-O 10. b4 f5 11. b5 Nd4 12. Nxd4 exd4 13. Qa4 Kb8 14. d3 Bxd5 15.
cxd5 Rf8 16. Qb4 h5 17. a4 h4 18. a5 hxg3 19. b6 fxe4 20. dxe4 Rxh2 21. Ba3 Be5
22. Rfc1 Rc8 23. bxa7+ Kxa7 24. Rab1 Rb8 25. a6 b6 26. Qc4 Rh7 27. Bb2 Qg7 28.
Rd1 Nf6 29. Bxd4 Nh5 30. Be3 Nf4 31. Rbc1 Qh8 32. Rc2 Nxg2 33. Kxg2 Rf8 34.
Qxc7+ Rxc7 35. Rxc7+ Kb8 36. Rb7+ Ka8 37. Rh1 Qf6 38. f4 Bxf4 0-1

[Event "OLOMOUC 2006 - GM (CZE)"]
[Site "?"]
[Date "2006.08.04"]
[Round "3.2"]
[White "Kryvoruchko, Yuriy"]
[Black "Kraemer, Martin"]
[Result "1-0"]
[WhiteElo "2536"]
[BlackElo "2434"]
[PlyCount "177"]
[EventDate "2006.08.02"]

1. e4 c5 2. Nf3 d6 3. d4 cxd4 4. Nxd4 Nf6 5. Nc3 a6 6. Be3 e6 7. f3 b5 8. Qd2
Bb7 9. g4 h6 10. h4 Nbd7 11. O-O-O b4 12. Na4 Qa5 13. b3 Nc5 14. a3 Nxa4 15.
bxa4 Qc7 16. axb4 d5 17. b5 dxe4 18. bxa6 Ba3+ 19. Kb1 Bxa6 20. Bxa6 Rxa6 21.
Nb5 Qe7 22. Qc3 O-O 23. Qxa3 Qxa3 24. Nxa3 Rxa4 25. Bc1 Rb8+ 26. Ka1 exf3 27.
Rdf1 Nxg4 28. Rxf3 h5 29. Rb3 Rc8 30. Kb2 e5 31. Rd1 f5 32. Rb7 Ra6 33. Rdd7
Rg6 34. Bg5 f4 35. Nb1 Ne3 36. Nc3 Nc4+ 37. Kc1 Nb6 38. Rdc7 Rf8 39. Kd2 f3 40.
Ke1 f2+ 41. Kf1 e4 42. Nxe4 Nd5 43. Nxf2 Nxc7 44. Rxc7 Re6 45. Rc4 Kh7 46. Bf4
Rff6 47. Rd4 Ra6 48. Nd3 Ra2 49. Rc4 Rg6 50. Bg5 Re6 51. Kf2 Raa6 52. Rd4 Ra2
53. Nb4 Rb2 54. Rc4 Rb1 55. Nd5 Re5 56. Ne3 Rb6 57. Kf3 Rbe6 58. Rd4 Ra5 59. c4
Ra3 60. Rd5 Rc3 61. Bf4 Rexe3+ 62. Bxe3 Rxc4 63. Rxh5+ Kg6 64. Rg5+ Kh7 65. Bf4
Rb4 66. Kg4 Ra4 67. Rc5 Ra1 68. Rc7 Rg1+ 69. Bg3 Kg6 70. Rc6+ Kh7 71. Kh3 Rb1
72. Rc7 Rb3 73. Kg4 Rb4+ 74. Bf4 Rb1 75. Be5 Rg1+ 76. Kh3 Rg6 77. Rd7 Rg1 78.
Bd4 Rg6 79. Bc3 Rg1 80. Be5 Rg6 81. Rd6 Rg1 82. Bd4 Rh1+ 83. Kg3 Rb1 84. Rd7
Rb3+ 85. Kg4 Rb4 86. Rxg7+ Kh6 87. Rd7 Ra4 88. Rd5 Kh7 89. Kf5 1-0

[Event "OLOMOUC 2006 - GM (CZE)"]
[Site "?"]
[Date "2006.08.04"]
[Round "3.3"]
[White "Simacek, Pavel"]
[Black "Maslak, Konstantin"]
[Result "0-1"]
[WhiteElo "2500"]
[BlackElo "2537"]
[PlyCount "70"]
[EventDate "2006.08.02"]

1. e4 c5 2. Nf3 b6 3. d4 cxd4 4. Nxd4 Bb7 5. Nc3 Nc6 6. Bg5 h6 7. Bh4 Qc8 8.
Be2 a6 9. Nd5 Nxd4 10. Qxd4 Bxd5 11. exd5 Qc5 12. O-O-O Nf6 13. d6 e6 14. Rhe1
Qxd4 15. Rxd4 g5 16. Bg3 Bg7 17. Bf3 Rb8 18. Rc4 O-O 19. Rc7 Rfd8 20. Bb7 a5
21. f3 Ne8 22. Rd1 f5 23. c4 f4 24. Bf2 Be5 25. Bxb6 Bxd6 26. Rxd6 Nxd6 27.
Bxa5 Rxb7 28. Rxb7 Nxb7 29. Bxd8 Nxd8 30. a4 Nc6 31. Kc2 d5 32. cxd5 exd5 33.
Kc3 Kf7 34. b4 Ke6 35. b5 Nb8 0-1

[Event "OLOMOUC 2006 - GM (CZE)"]
[Site "?"]
[Date "2006.08.04"]
[Round "3.4"]
[White "Cernousek, Lukas"]
[Black "Arutinian, David"]
[Result "0-1"]
[WhiteElo "2418"]
[BlackElo "2552"]
[PlyCount "80"]
[EventDate "2006.08.02"]

1. e4 c6 2. d4 d5 3. e5 Bf5 4. Nc3 e6 5. g4 Bg6 6. Nge2 h5 7. Nf4 Ne7 8. Nxg6
Nxg6 9. gxh5 Ne7 10. Bd3 Qb6 11. Qg4 Nd7 12. a4 a6 13. a5 Qc7 14. b4 O-O-O 15.
Bf4 g6 16. Na4 Rxh5 17. c3 Nf5 18. Bg5 Re8 19. f4 Be7 20. Bxe7 Nxe7 21. O-O
Reh8 22. Rf2 Nf5 23. Nc5 Rh3 24. Qe2 Ng3 25. Qb2 Nf5 26. Bf1 R3h4 27. c4 Nxc5
28. bxc5 dxc4 29. Bxc4 Rg4+ 30. Kf1 Rd8 31. Ra4 Nxd4 32. Bxa6 Nf5 33. Be2 Ne3+
34. Ke1 Rg1+ 35. Bf1 Qd7 36. Qe2 Qd4 37. a6 Qxc5 38. axb7+ Kc7 39. Qb2 Rxf1+
40. Rxf1 Nc2+ 0-1

[Event "OLOMOUC 2006 - GM (CZE)"]
[Site "?"]
[Date "2006.08.04"]
[Round "3.6"]
[White "Plischki, Sebastian"]
[Black "Womacka, Mathias"]
[Result "1/2-1/2"]
[WhiteElo "2387"]
[BlackElo "2423"]
[PlyCount "32"]
[EventDate "2006.08.02"]

1. d4 Nf6 2. c4 e6 3. Nf3 c5 4. d5 exd5 5. cxd5 d6 6. Nc3 g6 7. Nd2 Bg7 8. e4
O-O 9. Be2 Na6 10. O-O Ne8 11. Nc4 f5 12. exf5 Bxf5 13. Be3 Rb8 14. a4 Nb4 15.
Rc1 b6 16. Qd2 Rb7 1/2-1/2

[Event "OLOMOUC 2006 - GM (CZE)"]
[Site "?"]
[Date "2006.08.04"]
[Round "4.1"]
[White "Shanava, Konstantine"]
[Black "Womacka, Mathias"]
[Result "1-0"]
[WhiteElo "2490"]
[BlackElo "2423"]
[PlyCount "111"]
[EventDate "2006.08.02"]

1. e4 c5 2. b3 d6 3. Bb2 Nf6 4. Nc3 g6 5. f4 Bg7 6. Bd3 Nc6 7. Nf3 O-O 8. a3
Nh5 9. g3 Bg4 10. Be2 Qd7 11. d3 b5 12. Qd2 Rab8 13. O-O Nd4 14. Nxd4 Bxd4+ 15.
Kh1 Bh3 16. Rfe1 Ng7 17. Bf3 Ne6 18. g4 b4 19. axb4 cxb4 20. Na4 Bxb2 21. Nxb2
Nd4 22. Qf2 Nxf3 23. Qxf3 Bxg4 24. Qf2 d5 25. Rxa7 Bf3+ 26. Kg1 Qg4+ 27. Qg3
Qxg3+ 28. hxg3 Rfc8 29. Kf2 Rxc2+ 30. Kxf3 dxe4+ 31. Rxe4 Rxb2 32. Rexe7 Rxb3
33. Rxf7 Rxd3+ 34. Kg4 b3 35. Rg7+ Kh8 36. Rxh7+ Kg8 37. Rag7+ Kf8 38. Rxg6
Rdd8 39. Rh8+ Ke7 40. Rg7+ Ke6 41. Rxd8 Rxd8 42. Rb7 Rd3 43. Rb5 Kd6 44. f5 Kc6
45. Rb8 Kc7 46. Rb4 Kc6 47. Kf4 Kc5 48. Rb8 Rd4+ 49. Ke5 Rd5+ 50. Ke6 Rd6+ 51.
Ke5 Rb6 52. Rc8+ Rc6 53. Rh8 b2 54. Rh1 Kb4 55. Rb1 Rc2 56. g4 1-0

[Event "OLOMOUC 2006 - GM (CZE)"]
[Site "?"]
[Date "2006.08.04"]
[Round "4.2"]
[White "Biolek, Richard"]
[Black "Plischki, Sebastian"]
[Result "1-0"]
[WhiteElo "2440"]
[BlackElo "2387"]
[PlyCount "109"]
[EventDate "2006.08.02"]

1. Nf3 d5 2. d4 Nf6 3. g3 c6 4. Bg2 Bg4 5. O-O Nbd7 6. b3 e6 7. Bb2 Be7 8. Nbd2
O-O 9. c4 a5 10. Re1 a4 11. Bc3 axb3 12. axb3 Qb6 13. Qc2 Bf5 14. Qb2 Ne4 15.
Nxe4 Bxe4 16. Nd2 Bxg2 17. Kxg2 Nf6 18. Qc2 Rfd8 19. e3 h6 20. Ra2 Bb4 21. Rea1
Rxa2 22. Rxa2 Bxc3 23. Qxc3 c5 24. dxc5 Qxc5 25. Qa5 b6 26. Qxc5 bxc5 27. Ra5
Rc8 28. Kf3 g5 29. h3 h5 30. e4 dxe4+ 31. Nxe4 Nxe4 32. Kxe4 Kg7 33. Ke5 Rc6
34. Rb5 f6+ 35. Ke4 Kg6 36. b4 cxb4 37. Rxb4 h4 38. gxh4 gxh4 39. Kd4 Rd6+ 40.
Kc3 Rc6 41. Rb5 e5 42. c5 Kg5 43. Kc4 Rc8 44. Rb6 f5 45. Kd5 e4 46. c6 Kf4 47.
Rb3 Rd8+ 48. Ke6 Rd3 49. c7 Rxb3 50. c8=Q Rb6+ 51. Kf7 Rb5 52. Qc3 Rd5 53. Qe3+
Ke5 54. f4+ Kd6 55. Qb6+ 1-0

[Event "OLOMOUC 2006 - GM (CZE)"]
[Site "?"]
[Date "2006.08.04"]
[Round "4.3"]
[White "Arutinian, David"]
[Black "Jirka, Jiri"]
[Result "1-0"]
[WhiteElo "2552"]
[BlackElo "2372"]
[PlyCount "215"]
[EventDate "2006.08.02"]

1. c4 Nf6 2. Nc3 c6 3. e4 e5 4. Nf3 Qa5 5. d3 Bc5 6. Be2 d6 7. O-O Bd4 8. Nxd4
exd4 9. Nb1 O-O 10. Nd2 Qb6 11. Kh1 Ne8 12. f4 f5 13. exf5 Bxf5 14. g4 Bd7 15.
Ne4 c5 16. Kg1 Bc6 17. Ng5 Nd7 18. Qe1 Nc7 19. Qh4 Nf6 20. f5 Rae8 21. Qf2 d5
22. b3 h6 23. Nh3 Rf7 24. Nf4 dxc4 25. bxc4 Rfe7 26. Bf3 Bxf3 27. Qxf3 Re1 28.
Bd2 Rxa1 29. Rxa1 Qb2 30. Rd1 b5 31. h4 bxc4 32. g5 c3 33. Bc1 Qxa2 34. gxf6
Qf7 35. Nh5 gxf6 36. Kh2 Kh7 37. Rg1 Rg8 38. Rxg8 Kxg8 39. Qg4+ Kh7 40. Nf4
Qa2+ 41. Kh3 Qf7 42. h5 Qg7 43. Qg6+ Qxg6 44. hxg6+ Kg8 45. Kg4 a5 46. Kf3 a4
47. Ke4 Nb5 48. Nh5 Nd6+ 49. Kd5 Nxf5 50. Kxc5 Ne7 51. Kxd4 Nxg6 52. Kxc3 Kh7
53. Nxf6+ Kg7 54. Nh5+ Kh7 55. d4 Ne7 56. Nf4 Kg7 57. d5 Kf7 58. Kd4 Ke8 59.
Kc5 Kd7 60. Nh5 Nf5 61. Nf6+ Kc7 62. d6+ Kd8 63. Bd2 Nxd6 64. Kxd6 a3 65. Bc3
a2 66. Be5 Kc8 67. Kc5 Kd8 68. Bb2 Kc7 69. Ba1 Kb7 70. Kc4 Kc6 71. Kb3 Kb5 72.
Bb2 Kc5 73. Kxa2 h5 74. Nxh5 Kc4 75. Nf4 Kb4 76. Bf6 Kc4 77. Ka3 Kb5 78. Kb3
Kc5 79. Bc3 Kb5 80. Bb4 Kb6 81. Kc4 Kc6 82. Nd3 Kd7 83. Kd5 Kc7 84. Bc5 Kb7 85.
Kd6 Ka6 86. Kc6 Ka5 87. Nb2 Ka6 88. Bb4 Ka7 89. Bd6 Ka6 90. Nc4 Ka7 91. Nb6 Ka6
92. Bb8 Ka5 93. Nd5 Ka4 94. Kc5 Kb3 95. Nb4 Kc3 96. Bf4 Kb3 97. Be5 Ka4 98. Kc4
Ka3 99. Bd4 Ka4 100. Bb6 Ka3 101. Nd3 Ka4 102. Nb2+ Ka3 103. Kc3 Ka2 104. Kc2
Ka3 105. Bc5+ Ka2 106. Nd3 Ka1 107. Bd6 Ka2 108. Nc1+ 1-0

[Event "OLOMOUC 2006 - GM (CZE)"]
[Site "?"]
[Date "2006.08.04"]
[Round "4.4"]
[White "Maslak, Konstantin"]
[Black "Cernousek, Lukas"]
[Result "1-0"]
[WhiteElo "2537"]
[BlackElo "2418"]
[PlyCount "147"]
[EventDate "2006.08.02"]

1. e4 c5 2. Nf3 d6 3. d4 Nf6 4. Nc3 cxd4 5. Nxd4 g6 6. Be3 Bg7 7. f3 Nc6 8. Qd2
O-O 9. O-O-O d5 10. exd5 Nxd5 11. Nxc6 bxc6 12. Bd4 e5 13. Bc5 Be6 14. Ne4 Re8
15. h4 Nf4 16. g3 Nh5 17. g4 Qxd2+ 18. Rxd2 Nf6 19. Nd6 Red8 20. g5 Nh5 21. Ba6
Rd7 22. Rhd1 f5 23. b4 Bd5 24. Bb7 Rb8 25. Rxd5 Rdxb7 26. Nxb7 cxd5 27. Na5 d4
28. Nc6 Rb7 29. Bxa7 Nf4 30. a4 Nd5 31. Bc5 Nc3 32. a5 Rc7 33. Nd8 Rc8 34. Ne6
Bh8 35. Re1 Kf7 36. Nxd4 exd4 37. Re7+ Kg8 38. a6 d3 39. cxd3 Nd5 40. Rb7 Nxb4
41. Rxb4 Rxc5+ 42. Kd1 Be5 43. a7 Rc8 44. Rb7 Bf4 45. d4 Rd8 46. Kc2 Bd6 47.
Kb3 Bf4 48. Kc4 Rc8+ 49. Kb5 Rf8 50. Kc6 Rd8 51. Kb5 Rd5+ 52. Kc4 Rd8 53. d5
Rf8 54. Kb5 Rd8 55. Kc5 Rc8+ 56. Kb6 Rd8 57. Re7 Bg3 58. Kb7 Bd6 59. Re6 Rd7+
60. Ka6 Rd8 61. Kb7 Rd7+ 62. Kc6 Rxa7 63. Kxd6 Ra3 64. Ke7 Ra7+ 65. Kf6 Kf8 66.
d6 Rf7+ 67. Ke5 Ra7 68. Rf6+ Ke8 69. Ke6 Ra6 70. f4 Ra7 71. h5 Rg7 72. hxg6
hxg6 73. d7+ Rxd7 74. Rxg6 1-0

[Event "OLOMOUC 2006 - GM (CZE)"]
[Site "?"]
[Date "2006.08.04"]
[Round "4.5"]
[White "Kraemer, Martin"]
[Black "Simacek, Pavel"]
[Result "1/2-1/2"]
[WhiteElo "2434"]
[BlackElo "2500"]
[PlyCount "82"]
[EventDate "2006.08.02"]

1. e4 e5 2. Nf3 Nc6 3. Bb5 a6 4. Bxc6 dxc6 5. O-O f6 6. d4 exd4 7. Nxd4 c5 8.
Nb3 Qxd1 9. Rxd1 Bd6 10. Na5 Nh6 11. Bxh6 gxh6 12. Nc4 Be7 13. Nc3 Be6 14. Nd5
Kf7 15. Nxe7 Kxe7 16. Ne3 Rad8 17. a3 Rd4 18. f3 Rhd8 19. c3 R4d6 20. Rxd6 Rxd6
21. Rd1 Rb6 22. Rd2 Rb3 23. Kf2 b5 24. Rc2 b4 25. cxb4 cxb4 26. axb4 Kd6 27.
Rd2+ Ke7 28. Rc2 Kd6 29. Ke2 Rxb4 30. Kd2 h5 31. Kc1 h4 32. Rd2+ Ke5 33. Nd5
Rc4+ 34. Kb1 Rc5 35. Ne3 Kf4 36. Nc2 h3 37. g3+ Kxf3 38. Nd4+ Ke3 39. Nxe6 Re5
40. Rd7 Rxe6 41. Rxh7 Kxe4 1/2-1/2